Акварел (Запис номер 209594)
[ съкратено ]
| 000 -Лидер | |
|---|---|
| Контролно поле с фиксирана дължина | 02239nkm a2200493 c 4500 |
| 003 - Код на организацията, давaща контролен номер | |
| Контролно поле | BLK |
| 005 - Дата и час на последна редакция | |
| Контролно поле | 20241003122648.0 |
| 008 - Елементи от данни с фиксирана дължина | |
| fixed length control field | 180412b bul rap|r|||| r0| ||bulo| |
| 010 ## - Наследен системен номер | |
| LC control number | KNG00145349000 |
| 020 ## - Международен стандартен номер на книга ISBN | |
| Международен стандартен номер на книга ISBN | 978-954-09-0484-9 |
| 040 ## - Източник на каталожния запис | |
| Идентификатор на билиотеката - собственик на записа | BLK |
| 041 ## - Код за език | |
| Код за езика на текст/звукозапис или на отделно заглавие | Български |
| Код за езика КДБФ | Български |
| 072 #7 - Код за тематичната категория | |
| Код организация | bullib |
| Код за тематична категория | Н70 |
| Текст | Изкуства Н |
| 080 ## - УДК | |
| Текстов определител УДК | Живопис - художници |
| УДК код - определител по УДК | 75.071.1 |
| УДК определител | (497.2)(092)(084) |
| УДК - код + определител | 75.071.1(497.2)(092)(084) |
| 080 ## - УДК | |
| Текстов определител УДК | Водни бои. Акварелни бои |
| УДК код - определител по УДК | 75.023.22 |
| УДК определител | (497.2)(084) |
| УДК - код + определител | 75.023.22(497.2)(084) |
| 080 ## - УДК | |
| Текстов определител УДК | Български художник график, илюстратор, живописец, стенописец |
| УДК код - определител по УДК | 929 Зидаров, Любен Христов |
| УДК - код + определител | 929 Зидаров, Любен Христов |
| 100 ## - Редна дума - Автор | |
| Автор | Зидаров, Любен Христов |
| Авторска отговорност | първи автор |
| R(LIN) | 365107 |
| 139 ## - Редно поле | |
| Редна дума | Зидаров, Любен Христов |
| Авторски знак | Зид - З 61 |
| 245 10 - Сведения за заглавието | |
| Заглавие | Акварел |
| Редно поле (дума) | Любен Христов Зидаров; текст Иван Гранитски. |
| 246 11 - Различни форми на заглавието | |
| Паралелно заглавие | Aquarelles |
| 257 ## - Страна на издаване | |
| Страна на създаване/издаване | България |
| 260 ## - Област на издателските данни | |
| Име на издателя, разпространителя и проч. | Захарий Стоянов |
| Година на издаване | 2010 |
| Печатница | София : ПК Д. Благоев |
| Място на издаване, разпространение и проч. | София |
| 300 ## - Физическа характеристика | |
| Страници | 80 с. |
| Илюстрации и др. | цв. ил. |
| Размери/Мащаб | 30 см |
| 380 ## - Жанр | |
| Жанр | Изкуство |
| 600 #0 - Име на лице, използвано като предмет | |
| За него / За нея | Зидаров, Любен Христов |
| 9 (RLIN) | 365107 |
| 650 #4 - Допълнително описание по предмет – тема | |
| Основно описание – тема или топоним | Акварел - албуми |
| 9 (RLIN) | 281232 |
| 650 #4 - Допълнително описание по предмет – тема | |
| Основно описание – тема или топоним | Зидаров, Любен Христов |
| 9 (RLIN) | 365107 |
| 651 #4 - Допълнително описание по предмет - топоним | |
| Географско понятие | България |
| 9 (RLIN) | 241624 |
| 653 ## - Ключова дума – ненормативна | |
| Ключова дума | живопис |
| 653 ## - Ключова дума – ненормативна | |
| Ключова дума | акварели |
| 653 ## - Ключова дума – ненормативна | |
| Ключова дума | български художници |
| 653 ## - Ключова дума – ненормативна | |
| Ключова дума | Любен Зидаров |
| 653 ## - Ключова дума – ненормативна | |
| Ключова дума | албуми |
| 659 ## - Тематичен бюлетин | |
| Тематичен бюлетин | Н |
| 700 1# - Други автори (авторска отговорност) | |
| Лично име | Гранитски, Иван |
| Пълна форма на името | Димитров, Иван Йорданов |
| Дати, свързани с автора | 1953- |
| Друга информация | Журналист, литературен критик, теоретик и историк, поет, публицист и издател. |
| Автороска отговорност (Описва отношението между автора и произведението) | текст |
| 9 (RLIN) | 55767 |
| 720 ## - Неконтролирано име | |
| Паралелен автор | Lyuben Zidarov |
| Ключова дума за отношение (Описва отношението между автора и произведението) | паралелен автор |
| 852 ## - Местоположение | |
| Форматна сигнатура | Цб ІІ 27658 |
| 856 4# - Електронен адрес и достъп | |
| Електронен формат | pdf - файл |
| Път до файла /url/ | |
| 856 4# - Електронен адрес и достъп | |
| Електронен формат | pdf - файл |
| Път до файла /url/ | |
| 999 ## - СИСТЕМНИ КОНТРОЛНИ НОМЕРА | |
| Koha biblionumber | 209594 |
| Koha biblioitemnumber | 209594 |
| 942 ## - АРТИКУЛИ | |
| Вид на библиотечния материал | Графични издания |
| Скрит в OPAC | Не |
| Периодичен библиозапис | Да |
| Koha issues (borrowed), all copies | 1 |
| 944 ## - СЪЗДАВАНЕ И РЕДАКЦИЯ на ЗАПИСА | |
| Създаване/Редакция | Създаване |
| Дата на регистрацията/редакция | 10.07.2013 |
| Статус, дата на статуса | Русанова Ирена |
| Служител, извършил регистрацията/редакцията | 30542 |
| 944 ## - СЪЗДАВАНЕ И РЕДАКЦИЯ на ЗАПИСА | |
| Създаване/Редакция | Редакция |
| Дата на регистрацията/редакция | 06.02.2017 |
| Статус, дата на статуса | ф / |
| Служител, извършил регистрацията/редакцията | Ирена_Линкова |
| 999 ## - СИСТЕМНИ КОНТРОЛНИ НОМЕРА | |
| Koha biblioitemnumber | 209594 |
| Код за отписване | Код за изгубен артикул | Източник на класификационната схема | Код за повреда | Коз за рестрикции | Код за отдаване | Артикулен № | Име на библиотеката - собственик | Име на библиотеката, в която се намира в момента | Статус (Текущо местоположение) | Дата на вписване в системата | Местоположение - отдел | Цена в лева | Инвентарен номер | Систематично азбучна сигнатура | Баркод | Номер на екземпляра | Цена в евро | Служебна бележка | Служебен тип на артикула |
|---|---|---|---|---|---|---|---|---|---|---|---|---|---|---|---|---|---|---|---|
| Не е изгубен | Universal Decimal Classification | Не е повреден | само за читалня | ползва се в читалня | 360913 | Регионална библиотека "Любен Каравелов" Русе | Регионална библиотека "Любен Каравелов" Русе | Хранилище | 2013-07-11 | Хранилище | 19.00 | 120000768046 | Цб ІІ 27658 | 120000768046 | 1 | 9.71 | Дост: Dp Вид: Д N: 13 Дата: 26.03.2012 | Графични издания | |
| Не е изгубен | Universal Decimal Classification | Не е повреден | без рестрикции | заемане за дома | 360914 | Регионална библиотека "Любен Каравелов" Русе | Регионална библиотека "Любен Каравелов" Русе | Отдел Изкуство - подръчен фонд | 2016-05-14 | Отдел Изкуство - подръчен фонд | 30.00 | 120000800000 | 75(497.2)(092)/З 61 | 120000800000 | 2 | 15.34 | Дост: DA Вид: А N: 19 Дата: 14.05.2016 | Графични издания |